[Event "8e Open"]
[Site "Saint-Affrique"]
[Date "2000.07.24"]
[Round "3.8"]
[White "Moullimard, Dominique"]
[Black "Santo-Roman, Marc"]
[Result "0-1"]
[WhiteElo "2122"]
[BlackElo "2418"]
[PlyCount "69"]
[EventDate "2000.07.??"]

1. e4 c5 2. Nf3 Nc6 3. d4 cxd4 4. Nxd4 Nf6 5. Nc3 d6 6. Bc4 Qb6 7. Nxc6 bxc6 8.
O-O g6 9. a4 Bg7 10. a5 Qc7 11. Qe2 O-O 12. h3 e6 13. Bf4 Nh5 14. Bh2 e5 15.
Qd2 Be6 16. Be2 Nf4 17. Bxf4 exf4 18. Qxf4 Rab8 19. Na4 f5 20. Nc5 Bc8 21. Bc4+
Kh8 22. Ne6 Bxe6 23. Bxe6 Rbe8 24. Bb3 Bxb2 25. Ra4 fxe4 26. Qe3 Be5 27. Kh1 d5
28. f3 Bg7 29. f4 d4 30. Rxd4 Bxd4 31. Qxd4+ Qg7 32. Qe3 Re7 33. Kh2 Qf6 34. g3
Rd8 35. Bc4 0-1

[Event "8e Open"]
[Site "Saint-Affrique"]
[Date "2000.07.24"]
[Round "3.9"]
[White "Vajda, Albert"]
[Black "Zazzi, Dimitri"]
[Result "1-0"]
[WhiteElo "2410"]
[BlackElo "2165"]
[PlyCount "121"]
[EventDate "2000.07.??"]

1. e4 g6 2. d4 Bg7 3. Nf3 d6 4. c3 a6 5. Bd3 Nd7 6. O-O c5 7. Re1 e5 8. dxe5
Nxe5 9. Nxe5 dxe5 10. Be3 Qc7 11. c4 Ne7 12. Nc3 O-O 13. Rc1 b6 14. b4 Bd7 15.
Nd5 Qd6 16. bxc5 bxc5 17. Qb3 Nxd5 18. cxd5 Rfc8 19. Rc2 a5 20. Rec1 a4 21. Qa3
Ra5 22. Bd2 Ra7 23. Be3 Bf8 24. Rb2 Rac7 25. Bc4 Be8 26. Rcb1 Qd8 27. Qc3 Bd6
28. Rb6 Ra7 29. h4 Raa8 30. Bg5 f6 31. Bh6 Rab8 32. Rb7 Rxb7 33. Rxb7 Bd7 34.
Qb2 Rb8 35. Be3 Rxb7 36. Qxb7 Kf8 37. Qa7 Qc8 38. Ba6 Qc7 39. Qxc7 Bxc7 40.
Bxc5+ Ke8 41. Kf1 f5 42. f3 Kf7 43. Kf2 Kf6 44. Be2 Ba5 45. Bd3 Bc3 46. Ke2
fxe4 47. fxe4 g5 48. hxg5+ Kxg5 49. Be3+ Kg6 50. Ba6 Bb4 51. Kd3 Ba3 52. Kc4
Bg4 53. Kb5 Be2+ 54. Kb6 Bg4 55. Bb5 Bd1 56. Bc5 Bxc5+ 57. Kxc5 a3 58. d6 Kf7
59. Bc4+ Ke8 60. Kd5 h5 61. g3 1-0

[Event "8e Open"]
[Site "Saint-Affrique"]
[Date "2000.07.24"]
[Round "3.10"]
[White "Aiglon, Laurent"]
[Black "Foisor, Ovidiu"]
[Result "1/2-1/2"]
[WhiteElo "2094"]
[BlackElo "2404"]
[PlyCount "93"]
[EventDate "2000.07.??"]

1. e4 e6 2. d4 d5 3. Nd2 Nf6 4. e5 Nfd7 5. Bd3 c5 6. c3 Nc6 7. Ne2 a5 8. O-O a4
9. f4 g6 10. Nf3 a3 11. b3 cxd4 12. Nexd4 Nc5 13. Kh1 Be7 14. g4 h5 15. g5 Nxd4
16. Nxd4 Bd7 17. Be3 Kf8 18. Rc1 Nxd3 19. Qxd3 Kg7 20. Rf2 Qa5 21. h4 Rhc8 22.
Rfc2 Rc7 23. Kg2 Rac8 24. Kf3 Qa8 25. Kf2 Rc5 26. Ne2 Bb5 27. Qd2 R5c7 28. Bd4
Qa6 29. Ke3 Kf8 30. Qd1 Ke8 31. Ng1 Qa5 32. Nf3 Ba6 33. Nd2 Qb5 34. Nf3 Qa5 35.
Nd2 Rc6 36. Nf3 b5 37. b4 Qa4 38. Ne1 Rc4 39. Nd3 Bb7 40. Qd2 Qa6 41. Ne1 Qc6
42. Nd3 Ra8 43. Rf1 Ra4 44. Rb1 Bd8 45. Ne1 Bb6 46. Nf3 Bd8 47. Ne1 1/2-1/2

[Event "8e Open"]
[Site "Saint-Affrique"]
[Date "2000.07.??"]
[Round "3.16"]
[White "Mietlicki, Richard"]
[Black "Safranska, Anda"]
[Result "1-0"]
[WhiteElo "2080"]
[BlackElo "2337"]
[PlyCount "89"]
[EventDate "2000.07.??"]

1. Nf3 Nf6 2. g3 g6 3. Bg2 Bg7 4. O-O O-O 5. d4 d6 6. c4 Nc6 7. Nc3 a6 8. e4
Bg4 9. h3 Bxf3 10. Bxf3 e5 11. Ne2 exd4 12. Nxd4 Ne5 13. Qe2 c5 14. Nc2 Re8 15.
Bg2 Nfd7 16. Be3 b5 17. Na3 Nxc4 18. Nxc4 bxc4 19. Qxc4 Rb8 20. Rad1 Rb6 21. b3
Qc7 22. f4 Re6 23. Bf2 a5 24. Be1 Qa7 25. Kh2 a4 26. bxa4 Ra6 27. a5 Bd4 28.
Bd2 Re8 29. Rb1 Nb8 30. e5 Nc6 31. exd6 Nd8 32. d7 Re7 33. Rfe1 Rae6 34. Rxe6
Rxe6 35. f5 Rd6 36. Bf4 Rxd7 37. fxg6 hxg6 38. a6 Rc7 39. Bxc7 Qxc7 40. Rf1 Kg7
41. Bd5 f5 42. Qb5 Kh6 43. Qe8 Qd6 44. Bg2 c4 45. a7 1-0

[Event "8e Open"]
[Site "Saint-Affrique"]
[Date "2000.07.24"]
[Round "4.1"]
[White "Fressinet, Laurent"]
[Black "Bratanov, Zsivko"]
[Result "1-0"]
[WhiteElo "2536"]
[BlackElo "2400"]
[PlyCount "47"]
[EventDate "2000.07.??"]

1. e4 e5 2. Nf3 Nf6 3. Nxe5 d6 4. Nf3 Nxe4 5. d4 d5 6. Bd3 Bd6 7. O-O O-O 8. c4
c6 9. Re1 Bf5 10. Qb3 Na6 11. cxd5 cxd5 12. Nc3 Nb4 13. Bxe4 dxe4 14. Bg5 Qd7
15. Nxe4 Be6 16. Qd1 16... f6 {} 17. Bf4 Be7 18. Nc3 Bf5 19. Qb3+ Kh8 20. Rxe7
Qxe7 21. Re1 Bc2 22. Rxe7 Bxb3 23. axb3 Nd3 24. Bc7 1-0

[Event "8e Open"]
[Site "Saint-Affrique"]
[Date "2000.07.24"]
[Round "4.2"]
[White "Collas, Didier"]
[Black "Kosten, Anthony"]
[Result "1/2-1/2"]
[WhiteElo "2369"]
[BlackElo "2524"]
[PlyCount "25"]
[EventDate "2000.07.??"]

1. e4 c5 2. Nf3 d6 3. d4 Nf6 4. Nc3 cxd4 5. Nxd4 a6 6. Be3 e5 7. Nb3 Be6 8. f3
Nbd7 9. g4 b5 10. g5 b4 11. Ne2 Nh5 12. Qd2 Be7 13. Ng3 1/2-1/2

[Event "8e Open"]
[Site "Saint-Affrique"]
[Date "2000.07.??"]
[Round "4.3"]
[White "Flear, Glenn C"]
[Black "Collas, Silvia"]
[Result "1/2-1/2"]
[WhiteElo "2480"]
[BlackElo "2351"]
[PlyCount "80"]
[EventDate "2000.07.??"]

1. d4 Nf6 2. c4 c5 3. d5 b5 4. cxb5 a6 5. bxa6 g6 6. Nc3 Bxa6 7. Nf3 Bg7 8. g3
d6 9. Bg2 Nbd7 10. Rb1 Qa5 11. O-O O-O 12. Bd2 Rfb8 13. Qc2 Ng4 14. a4 Rb7 15.
b3 Rab8 16. h3 Nge5 17. Nxe5 Nxe5 18. Rfe1 Qd8 19. Kh1 c4 20. b4 Rxb4 21. Rxb4
Rxb4 22. Nb5 Rb3 23. f4 Bxb5 24. axb5 Nd7 25. Qxc4 Rb2 26. Be3 Qb8 27. Rc1 Rxb5
28. Qc8+ Nf8 29. Qxb8 Rxb8 30. Rc7 Bf6 31. g4 Rb1+ 32. Kh2 g5 33. Be4 Rb4 34.
Bd3 gxf4 35. Bd2 Rd4 36. Bc3 Rxd5 37. Bxf6 exf6 38. Bc4 Rc5 39. Bxf7+ Kh8 40.
Ra7 Rc2 1/2-1/2

[Event "8e Open"]
[Site "Saint-Affrique"]
[Date "2000.07.24"]
[Round "4.4"]
[White "Boudre, Jean-Pierre"]
[Black "Bricard, Emmanuel"]
[Result "1-0"]
[WhiteElo "2360"]
[BlackElo "2461"]
[PlyCount "41"]
[EventDate "2000.07.??"]

1. e4 e5 2. Nf3 Nc6 3. Bb5 a6 4. Ba4 b5 5. Bb3 Na5 6. O-O d6 7. d4 exd4 8. Nxd4
Bd7 9. Bd2 Nxb3 10. axb3 Be7 11. Nc3 Nf6 12. f3 c5 13. Nde2 b4 14. Nb1 O-O 15.
Bf4 Bc6 16. Ng3 d5 17. Nd2 dxe4 18. fxe4 g6 19. Bh6 Re8 20. Qf3 Qc8 21. Bg5 1-0

[Event "8e Open"]
[Site "Saint-Affrique"]
[Date "2000.07.??"]
[Round "4.5"]
[White "Fontaine, Robert"]
[Black "Mancini, Mario"]
[Result "1/2-1/2"]
[WhiteElo "2449"]
[BlackElo "2329"]
[PlyCount "71"]
[EventDate "2000.07.??"]

1. e4 e5 2. Nf3 Nc6 3. Bb5 a6 4. Ba4 Nf6 5. O-O Be7 6. Re1 b5 7. Bb3 d6 8. c3
O-O 9. h3 Nd7 10. d4 Bf6 11. a4 Bb7 12. d5 Ne7 13. Bc2 Nc5 14. a5 c6 15. b4 Na4
16. c4 Rc8 17. Bxa4 bxa4 18. Qxa4 cxd5 19. cxd5 {Allez un petit effort jouez a
la place de super Mario et trouvez le bon coup que bien sur Bobby avait vu. }
19... Nxd5 20. b5 Nf4 21. Bxf4 exf4 22. Ra3 Rc5 23. bxa6 Bxa6 24. Qb4 Qc7 25.
Qd2 Rb8 26. Qxf4 Rbb5 27. Rd1 h6 28. Kh2 Be5 29. Nxe5 dxe5 30. Qh4 Rxa5 31. Rg3
Rc6 32. Qd8+ Qxd8 33. Rxd8+ Kh7 34. Rf3 Bc4 35. Rc3 Rac5 36. Rd1 1/2-1/2

[Event "8e Open"]
[Site "Saint-Affrique"]
[Date "2000.07.24"]
[Round "4.6"]
[White "Todorov, Ognjan"]
[Black "Mollov, Ergin"]
[Result "1/2-1/2"]
[WhiteElo "2339"]
[BlackElo "2432"]
[PlyCount "33"]
[EventDate "2000.07.??"]

1. c4 c5 2. Nf3 Nc6 3. d4 cxd4 4. Nxd4 g6 5. e4 Bg7 6. Be3 d6 7. Nc3 Nf6 8. Be2
O-O 9. O-O Nxd4 10. Bxd4 Nd7 11. Bxg7 Kxg7 12. Qd2 a5 13. Rfd1 b6 14. b3 Bb7
15. f3 Ne5 16. Rab1 Bc6 17. a3 1/2-1/2

[Event "8e Open"]
[Site "Saint-Affrique"]
[Date "2000.07.??"]
[Round "4.7"]
[White "Santo-Roman, Marc"]
[Black "Mietlicki, Richard"]
[Result "1-0"]
[WhiteElo "2418"]
[BlackElo "2080"]
[PlyCount "107"]
[EventDate "2000.07.??"]

1. e4 c5 2. Nf3 e6 3. d4 cxd4 4. Nxd4 a6 5. Bd3 Qc7 6. O-O Nc6 7. Nxc6 dxc6 8.
a4 e5 9. Na3 Nf6 10. Kh1 Bc5 11. f4 Ng4 12. Qf3 h5 13. f5 Qe7 14. Qg3 Bd7 15.
Nc4 O-O-O 16. Bd2 f6 17. Rab1 g6 18. b4 Bd4 19. Qf3 Rdg8 20. Ne3 Nxe3 21. Bxe3
Bxe3 22. Qxe3 gxf5 23. exf5 Kb8 24. Be4 Rg4 25. c4 Rhg8 26. c5 Qg7 27. Qe2 h4
28. Rbd1 Kc7 29. Rd3 Qg5 30. Rd6 Rg7 31. Rfd1 Bxf5 32. Bxf5 Qxf5 33. b5 Rg8 34.
b6+ Kc8 35. Qd2 Rd4 36. Rxd4 exd4 37. Qxd4 h3 38. Qd6 hxg2+ 39. Kg1 Qh7 40.
Qe6+ Kb8 41. Qd6+ Kc8 42. Qe6+ Kb8 43. Qxf6 Kc8 44. Qe6+ Kb8 45. h4 Rh8 46.
Qe5+ Kc8 47. h5 Rg8 48. Qe6+ Kb8 49. h6 Rh8 50. Qd7 Qg8 51. Qc7+ Ka8 52. Rd7
Qb8 53. h7 a5 54. Qxb8+ 1-0

[Event "8e Open"]
[Site "Saint-Affrique"]
[Date "2000.07.??"]
[Round "4.8"]
[White "Planell, Eric"]
[Black "Vajda, Albert"]
[Result "0-1"]
[WhiteElo "2300"]
[BlackElo "2410"]
[PlyCount "50"]
[EventDate "2000.07.??"]

1. e4 c6 2. d4 d5 3. Nd2 dxe4 4. Nxe4 Bf5 5. Ng3 Bg6 6. Nf3 Nf6 7. h4 h6 8. Ne5
Bh7 9. Bd3 Bxd3 10. Qxd3 e6 11. Bd2 Nbd7 12. Ng6 fxg6 13. Qxg6+ Ke7 14. Bb4+ c5
15. dxc5 Qc7 16. O-O-O Qf4+ 17. Bd2 Qg4 18. Qd3 Nxc5 19. Qe3 Kf7 20. Rhe1 Nd5
21. Qe5 Nd7 22. Qe2 Qxe2 23. Rxe2 N7f6 24. f4 Bd6 25. Rf1 Rae8 0-1

[Event "8e Open"]
[Site "Saint-Affrique"]
[Date "2000.07.??"]
[Round "4.9"]
[White "Badea, Bela"]
[Black "Platchkinova, Tatyana"]
[Result "1-0"]
[WhiteElo "2480"]
[BlackElo "2171"]
[PlyCount "97"]
[EventDate "2000.07.??"]

1. Nf3 Nf6 2. c4 d6 3. d4 g6 4. g3 Bg7 5. Bg2 O-O 6. O-O a6 7. Nc3 Nc6 8. b3
Rb8 9. Nd5 e5 10. dxe5 Nxd5 11. cxd5 Nxe5 12. Nd4 c5 13. dxc6 bxc6 14. Bf4 Bb7
15. Bxe5 Bxe5 16. Rc1 c5 17. Bxb7 Rxb7 18. Nf3 Qe7 19. Qd5 Bf6 20. e3 Rb5 21.
Rfd1 Rd8 22. Nd2 Qe6 23. Nc4 Be7 24. Rd3 a5 25. e4 Qxd5 26. Rxd5 Rb4 27. Nxa5
Rxe4 28. Nc4 Ra8 29. a4 Rb8 30. Kf1 Rd4 31. Rxd4 cxd4 32. Rb1 f6 33. Ke2 d5 34.
Nd2 Bb4 35. Nf3 Bc3 36. Kd3 Rb4 37. Ng1 Kf7 38. Ne2 Ke6 39. Nxc3 dxc3 40. Kxc3
Re4 41. b4 Kd6 42. a5 Rc4+ 43. Kb3 Kc6 44. Rd1 Re4 45. Rc1+ Kb5 46. Rc5+ Ka6
47. Rxd5 f5 48. Rd6+ Kb7 49. b5 1-0

[Event "8e Open"]
[Site "Saint-Affrique"]
[Date "2000.07.??"]
[Round "4.10"]
[White "Foisor, Ovidiu"]
[Black "Roche, Christian"]
[Result "1-0"]
[WhiteElo "2404"]
[BlackElo "2117"]
[PlyCount "79"]
[EventDate "2000.07.??"]

1. d4 Nf6 2. c4 g6 3. Nc3 d5 4. Nf3 Bg7 5. Bg5 c6 6. e3 O-O 7. Qb3 dxc4 8. Bxc4
Nbd7 9. O-O Qb6 10. e4 Qxb3 11. Bxb3 h6 12. Bh4 g5 13. Bg3 Nh5 14. e5 Nxg3 15.
fxg3 e6 16. Ne4 c5 17. dxc5 Nxe5 18. Rad1 Nxf3+ 19. Rxf3 b6 20. cxb6 Bb7 21.
Nf6+ Bxf6 22. Rxf6 Kg7 23. Rf2 axb6 24. Bxe6 Bxg2 25. Rd7 Bc6 26. Rdxf7+ Rxf7
27. Rxf7+ Kg6 28. Rc7 Bf3 29. Kf2 g4 30. Rc8 Ra4 31. Bc4 b5 32. Bd3+ Kf6 33. a3
Rd4 34. Ke3 Rd5 35. Rf8+ Kg7 36. Rf5 Rxf5 37. Bxf5 Kf6 38. Kf4 h5 39. Bd7 Be2
40. Be8 1-0

[Event "8e Open"]
[Site "Saint-Affrique"]
[Date "2000.07.??"]
[Round "5.1"]
[White "Vajda, Albert"]
[Black "Fressinet, Laurent"]
[Result "1/2-1/2"]
[WhiteElo "2410"]
[BlackElo "2536"]
[PlyCount "32"]
[EventDate "2000.07.??"]

1. e4 c5 2. Nf3 d6 3. c3 Nf6 4. Bd3 Nc6 5. Bc2 Bg4 6. d3 e6 7. Nbd2 Be7 8. h3
Bh5 9. O-O O-O 10. Qe1 d5 11. g4 Bg6 12. Nh4 e5 13. Qe2 Re8 14. Nxg6 hxg6 15.
Qf3 dxe4 16. Nxe4 Nxe4 1/2-1/2

[Event "8e Open"]
[Site "Saint-Affrique"]
[Date "2000.07.??"]
[Round "5.2"]
[White "Boudre, Jean-Pierre"]
[Black "Santo-Roman, Marc"]
[Result "0-1"]
[WhiteElo "2360"]
[BlackElo "2418"]
[PlyCount "130"]
[EventDate "2000.07.??"]

1. e4 c5 2. Nf3 Nc6 3. Nc3 e5 4. Bc4 d6 5. d3 h6 6. Nd2 g6 7. Nf1 Bg7 8. Ne3
Nge7 9. O-O O-O 10. Kh1 Kh7 11. Ned5 Nxd5 12. Bxd5 f5 13. exf5 Bxf5 14. Be3 Qd7
15. Qd2 Ne7 16. Bb3 b6 17. Nd5 Be6 18. Nxe7 Qxe7 19. f4 Bxb3 20. axb3 Rae8 21.
h3 a5 22. Rae1 d5 23. d4 exd4 24. Bxd4 Qd6 25. Rxe8 Rxe8 26. Bxg7 Kxg7 27. f5
Rf8 28. Qd3 Qe5 29. fxg6 Rxf1+ 30. Qxf1 Kxg6 31. c3 d4 32. Qd3+ Kg7 33. cxd4
cxd4 34. Qa6 Qe1+ 35. Kh2 Qe5+ 36. g3 Qd6 37. Qd3 Qd5 38. h4 Qe5 39. Kh3 h5 40.
Qf3 Kg6 41. Qc6+ Kg7 42. Qd7+ Kf6 43. Qd8+ Kf5 44. Qa8 Qe6 45. Qf3+ Ke5+ 46.
Kh2 Qf5 47. Qe2+ Kd6 48. Qa6 Qc2+ 49. Kh3 Qxb3 50. Qf1 Qd5 51. Kh2 d3 52. Qf4+
Kc6 53. Qd2 Kb5 54. b3 Qxb3 55. Qg5+ Ka4 56. Qf4+ Ka3 57. Qd6+ Ka2 58. Kh3 a4
59. Qd7 a3 60. Qd6 b5 61. Qd7 b4 62. Qd6 Kb1 63. Qe5 Qc3 64. Qf5 a2 65. Qf1+
Kb2 0-1

[Event "8e Open"]
[Site "Saint-Affrique"]
[Date "2000.07.??"]
[Round "5.3"]
[White "Kosten, Anthony"]
[Black "Foisor, Cristina"]
[Result "1-0"]
[WhiteElo "2524"]
[BlackElo "2386"]
[PlyCount "107"]
[EventDate "2000.07.??"]

1. c4 e5 2. g3 Nf6 3. Bg2 c6 4. d4 Bb4+ 5. Bd2 Bxd2+ 6. Qxd2 d6 7. e3 O-O 8.
Ne2 Qe7 9. Nbc3 Re8 10. h3 Na6 11. g4 exd4 12. Qxd4 Nb4 13. O-O-O d5 14. a3 Na6
15. cxd5 Nxd5 16. Bxd5 cxd5 17. Nxd5 Qf8 18. Kb1 Be6 19. Nef4 Bxd5 20. Nxd5 Nc5
21. f3 Ne6 22. Qd3 Red8 23. e4 Nf4 24. Qb3 Nxd5 25. Rxd5 b6 26. Rhd1 g6 27. e5
Rxd5 28. Qxd5 Re8 29. f4 Qe7 30. Rd3 g5 31. fxg5 Qxg5 32. Rf3 Qg6+ 33. Rf5 h6
34. Ka1 Rc8 35. Qd7 Rc1+ 36. Ka2 Re1 37. h4 Qe6+ 38. Qxe6 fxe6 39. Rf6 h5 40.
Rxe6 hxg4 41. Rg6+ Kf7 42. Rxg4 Rxe5 43. Kb3 Re2 44. Rc4 a5 45. Rc7+ Kg8 46.
Rc6 b5 47. Rc5 Re3+ 48. Ka2 b4 49. a4 Rh3 50. h5 Kf7 51. Rxa5 Ke6 52. Rb5 Kd6
53. Rxb4 Rxh5 54. Rc4 1-0

[Event "8e Open"]
[Site "Saint-Affrique"]
[Date "2000.07.??"]
[Round "5.4"]
[White "Collas, Silvia"]
[Black "Badea, Bela"]
[Result "1/2-1/2"]
[WhiteElo "2351"]
[BlackElo "2480"]
[PlyCount "48"]
[EventDate "2000.07.??"]

1. e4 g6 2. d4 Bg7 3. Nc3 d6 4. Be3 a6 5. Qd2 b5 6. f3 Nd7 7. a4 b4 8. Nd1 a5
9. h4 h6 10. Ne2 Ba6 11. Ng3 Bxf1 12. Kxf1 h5 13. Nf2 c5 14. Rd1 cxd4 15. Bxd4
Bxd4 16. Qxd4 Ngf6 17. Nd3 Rc8 18. Rd2 O-O 19. Qe3 Qb6 20. Qh6 Rc7 21. Nf5 gxf5
22. Rh3 22... Qd4 { } 23. Nf4 Ng4 24. fxg4 Qxd2 1/2-1/2

[Event "8e Open"]
[Site "Saint-Affrique"]
[Date "2000.07.??"]
[Round "5.5"]
[White "Mancini, Mario"]
[Black "Flear, Glenn C"]
[Result "0-1"]
[WhiteElo "2329"]
[BlackElo "2480"]
[PlyCount "108"]
[EventDate "2000.07.??"]

1. Nf3 d5 2. e3 Bg4 3. h3 Bh5 4. b3 Nd7 5. Bb2 e6 6. Be2 Ngf6 7. O-O Bd6 8. d4
O-O 9. Nbd2 c5 10. Ne5 Bxe2 11. Qxe2 cxd4 12. exd4 Rc8 13. c3 Qe7 14. a4 Rfd8
15. f4 g6 16. Rf3 Nh5 17. g4 Ng7 18. Kg2 f6 19. Nxd7 Rxd7 20. c4 Bb4 21. Nf1
Rdc7 22. Ne3 b6 23. Rf2 dxc4 24. bxc4 Ne8 25. Qd3 Nd6 26. Rc2 Qe8 27. Kh2 Nb7
28. f5 Bd6+ 29. Kh1 Re7 30. Rf1 exf5 31. Nd5 Rf7 32. gxf5 g5 33. Rg2 h6 34. Ne3
Na5 35. Ng4 Bf8 36. c5 Bg7 37. Qa6 Qd8 38. Re1 Nc6 39. Qc4 Na5 40. Qe6 Rc6 41.
Qe8+ Qxe8 42. Rxe8+ 42... Kh7 {} 43. Bc3 Nb7 44. Re6 Rfc7 45. Rge2 h5 46. Ne3
bxc5 47. Nd5 Rc8 48. Ne7 Rxe6 49. fxe6 Re8 50. d5 Rxe7 51. Rb2 f5 52. Rxb7 Rxb7
53. d6 Bf8 54. d7 Be7 0-1

[Event "8e Open"]
[Site "Saint-Affrique"]
[Date "2000.07.??"]
[Round "5.6"]
[White "Petit, Eric"]
[Black "Fontaine, Robert"]
[Result "0-1"]
[WhiteElo "2249"]
[BlackElo "2449"]
[PlyCount "80"]
[EventDate "2000.07.??"]

1. b3 d5 2. Bb2 Bg4 3. g3 c6 4. Bg2 Nd7 5. Nf3 Ngf6 6. O-O e6 7. d3 Bd6 8. Nbd2
O-O 9. Qe1 Qe7 10. a3 e5 11. e4 a5 12. h3 Bxf3 13. Nxf3 dxe4 14. dxe4 a4 15. b4
b5 16. c4 c5 17. bxc5 Nxc5 18. cxb5 Rab8 19. Qe2 Rb6 20. Rfd1 Nb3 21. Rab1 Rc8
22. Bf1 h6 23. Kg2 Bxa3 24. Bxe5 Re6 25. Qa2 Nxe4 26. Re1 Ng5 27. Nxg5 hxg5 28.
Kg1 Bb4 29. Red1 Nd2 30. Rxd2 Bxd2 31. Qxd2 Rxe5 32. b6 Rb8 33. Bg2 Re2 34. Qc3
a3 35. b7 a2 36. Ra1 Rxb7 37. Qc8+ Kh7 38. Qxb7 Re1+ 39. Rxe1 Qxe1+ 40. Kh2
a1=Q 0-1

[Event "8e Open"]
[Site "Saint-Affrique"]
[Date "2000.07.??"]
[Round "5.7"]
[White "Mollov, Ergin"]
[Black "Collas, Didier"]
[Result "0-1"]
[WhiteElo "2432"]
[BlackElo "2369"]
[PlyCount "193"]
[EventDate "2000.07.??"]

1. d4 Nf6 2. c4 c5 3. d5 b5 4. Nf3 Bb7 5. a4 Qa5+ 6. Bd2 b4 7. Qc2 g6 8. e4 d6
9. Bd3 Bg7 10. O-O Nbd7 11. h3 O-O 12. Bf4 Qc7 13. Nbd2 Nh5 14. Bh2 e5 15. dxe6
fxe6 16. e5 d5 17. Bxg6 hxg6 18. Qxg6 Nf4 19. Bxf4 Rxf4 20. Qxe6+ Kh8 21. Qg6
Nxe5 22. Qh5+ Kg8 23. Ng5 Qc6 24. Rae1 Qg6 25. Qxg6 Nxg6 26. Ne6 {(=)} 26...
dxc4 27. g3 Rd4 28. Nxd4 Bxd4 29. Nxc4 Ba6 30. Rc1 Ne5 31. Nxe5 Bxf1 32. Kxf1
Bxe5 33. Rxc5 Bxb2 34. Rb5 Bc3 35. Ke2 Rd8 36. a5 b3 37. Rxb3 Bxa5 38. Rb7 Ra8
39. Kd3 Be1 40. Ke2 Bc3 41. Kd3 Bg7 42. Rb4 a5 43. Ra4 Bf8 44. Kc4 Bb4 45. Ra2
Kf7 46. Kb5 Re8 47. Rc2 Re5+ 48. Ka4 Re1 49. h4 Ke6 50. Kb5 Kd5 51. h5 Rh1 52.
g4 Ke4 53. Rc6 Kf3 54. Rg6 Kxf2 55. h6 Kg3 56. g5 Kg4 57. Rg7 Bc3 58. Rc7 Rb1+
59. Kc4 Kh5 60. h7 Bh8 61. Ra7 Kg6 62. Rxa5 Kxh7 63. Ra6 Rg1 64. g6+ Kh6 65.
Kd5 Rf1 66. Ke4 Bf6 67. Ra2 Kxg6 68. Ra6 Rb1 69. Ra2 {} 69... Rb4+ 70. Kd5 Bb2
71. Ke6 Re4+ 72. Kd6 Re2 73. Kd5 Kf5 74. Kc4 Re4+ 75. Kd3 Rb4 76. Ra8 Bf6 77.
Rf8 Rd4+ 78. Ke3 Rd7 79. Ke2 Rc7 80. Kd3 Rc3+ 81. Kd2 Ra3 82. Ke2 Ke5 83. Rb8
Ke4 84. Kf2 Ra2+ 85. Kf1 Bg5 86. Ke1 Kf3 87. Rf8+ Bf4 88. Kd1 Rd2+ 89. Ke1 Rc2
90. Rd8 Rc1+ 91. Rd1 Rc7 92. Rd8 Bh6 93. Rd6 Bg5 94. Rd5 Bf4 95. Rd8 Rc1+ 96.
Rd1 Rc2 97. Rd8 0-1

[Event "8e Open"]
[Site "Saint-Affrique"]
[Date "2000.07.??"]
[Round "5.8"]
[White "Roos, Celine"]
[Black "Foisor, Ovidiu"]
[Result "0-1"]
[WhiteElo "2176"]
[BlackElo "2404"]
[PlyCount "114"]
[EventDate "2000.07.??"]

1. d4 Nf6 2. c4 e6 3. Nc3 Bb4 4. Nf3 c5 5. g3 Nc6 6. Bg2 Ne4 7. Bd2 Bxc3 8.
bxc3 Na5 9. Qc2 Nxd2 10. Nxd2 d6 11. O-O O-O 12. Rad1 Qc7 13. e3 Rb8 14. f4
cxd4 15. cxd4 b6 16. Rc1 Ba6 17. f5 Qe7 18. fxe6 Qxe6 19. Qe4 Rbe8 20. Qxe6
Rxe6 21. Bd5 Rxe3 22. Ne4 Bxc4 23. Bxc4 Nxc4 24. Nf6+ gxf6 25. Rxc4 Ra3 26. Rc2
Ra4 27. d5 Ra5 28. Rxf6 Rxd5 29. Rc7 Ra5 30. Rf2 Kg7 31. Rd7 d5 32. Kg2 Kg6 33.
Rd6+ f6 34. Kf1 h5 35. Rd2 Rf7 36. R6xd5 Rxd5 37. Rxd5 Rc7 38. Rd2 Rc3 39. Kg2
Ra3 40. Rc2 b5 41. Rb2 a6 42. Rc2 Kg5 43. Rb2 Kg6 44. Rc2 b4 45. Rb2 a5 46. Kh3
Kg5 47. Rc2 h4 48. Rb2 hxg3 49. hxg3 f5 50. Rf2 f4 51. Rxf4 Rxa2 52. Rc4 b3 53.
Rc5+ Kg6 54. Rb5 b2 55. g4 a4 56. Kh4 a3 57. Rb6+ Kg7 0-1

[Event "8e Open"]
[Site "Saint-Affrique"]
[Date "2000.07.??"]
[Round "5.9"]
[White "Bricard, Emmanuel"]
[Black "Todorov, Ognjan"]
[Result "1-0"]
[WhiteElo "2461"]
[BlackElo "2339"]
[PlyCount "57"]
[EventDate "2000.07.??"]

1. d4 d5 2. Bg5 c6 3. Nc3 Nf6 4. e3 Nbd7 5. f4 g6 6. Bd3 Bg7 7. Nf3 O-O 8. O-O
c5 9. Qe1 h6 10. Bh4 b6 11. Ne5 Bb7 12. Rd1 Qc7 13. f5 g5 14. Bg3 Nh5 15. Nxd7
Nxg3 16. Qxg3 Qxd7 17. dxc5 bxc5 18. h4 {} 18... Bf6 19. Bb5 Qc8 20. Nxd5 Bxd5
21. Rxd5 Rb8 22. hxg5 hxg5 23. Bd7 Qa6 24. b3 Kg7 25. a4 Qe2 26. Rxc5 Rh8 27.
Bb5 Qh5 28. Bd3 g4 29. Rc4 1-0

[Event "8e Open"]
[Site "Saint-Affrique"]
[Date "2000.07.??"]
[Round "5.10"]
[White "Bratanov, Zsivko"]
[Black "Grollemund, Betrand"]
[Result "1-0"]
[WhiteElo "2400"]
[BlackElo "2091"]
[PlyCount "73"]
[EventDate "2000.07.??"]

1. d4 Nf6 2. c4 g6 3. Nc3 d5 4. Nf3 Bg7 5. cxd5 Nxd5 6. Qa4+ Bd7 7. Qc2 Nb6 8.
e4 O-O 9. Be3 Nc6 10. Rd1 Bg4 11. d5 Ne5 12. Be2 Bxf3 13. gxf3 Nec4 14. Bc1 Qd6
15. f4 e5 16. dxe6 Qxe6 17. O-O Nd6 18. Bf3 c6 19. Rfe1 Rad8 20. b3 Rd7 21. Ne2
Nb5 22. Rxd7 Nxd7 23. Be3 Nf6 24. a4 Nc7 25. f5 Qc8 26. Ng3 Nd7 27. Be2 h5 28.
fxg6 fxg6 29. f4 h4 30. Nf1 Nf6 31. e5 Ng4 32. Qxg6 Nxe3 33. Nxe3 Nd5 34. Bd3
Rxf4 35. Nf5 Rxf5 36. Bxf5 Nf4 37. Qh7+ 1-0

[Event "8e Open"]
[Site "Saint-Affrique"]
[Date "2000.07.??"]
[Round "5.22"]
[White "Moullimard, Dominique"]
[Black "Ricbour, Jeremy"]
[Result "0-1"]
[WhiteElo "2122"]
[BlackElo "1960"]
[PlyCount "101"]
[EventDate "2000.07.??"]

1. e4 c5 2. Nf3 d6 3. Bc4 Nf6 4. e5 dxe5 5. Nxe5 e6 6. Qe2 Bd6 7. Nc3 a6 8. a4
O-O 9. O-O Nbd7 10. f4 Qc7 11. Re1 Nb6 12. b3 Nbd5 13. Ne4 Bxe5 14. fxe5 Qxe5
15. Nxf6+ Qxf6 16. Ba3 b6 17. Bxd5 exd5 18. a5 Qc6 19. axb6 Bb7 20. d4 Rfe8 21.
Qg4 cxd4 22. Qxd4 Re4 23. Rxe4 dxe4 24. Rd1 h6 25. Bb2 f6 26. Rd2 Rc8 27. c4 e3
28. Qxe3 Re8 29. Qf2 Qe4 30. h4 Qb1+ 31. Kh2 Re1 32. Rc2 Be4 33. Re2 Rh1+ 34.
Kg3 Bc6 35. Rc2 Rg1 36. Kh2 Rxg2+ 37. Qxg2 Bxg2 38. Rxg2 Qe4 39. Kg1 Qe3+ 40.
Kh2 Qxb6 41. Ba1 Kf7 42. Rb2 Qd6+ 43. Kh3 Qe6+ 44. Kh2 Qe5+ 45. Kh3 Qf5+ 46.
Kg3 h5 47. Kg2 Qg4+ 48. Kf2 Qxh4+ 49. Ke2 Qh1 50. Rc2 Qxa1 51. c5 0-1

[Event "8e Open"]
[Site "Saint-Affrique"]
[Date "2000.07.??"]
[Round "5.26"]
[White "Picard, Romain"]
[Black "Djingarova, Emilia"]
[Result "1-0"]
[WhiteElo "2030"]
[BlackElo "2263"]
[PlyCount "121"]
[EventDate "2000.07.??"]

1. e4 c5 2. Nf3 e6 3. d4 cxd4 4. Nxd4 a6 5. Nc3 Qc7 6. Be2 b5 7. O-O Bb7 8. Be3
Nf6 9. f4 Nxe4 10. Nxe4 Bxe4 11. f5 e5 12. Bf3 Bb7 13. f6 g6 14. Re1 d6 15. c4
b4 16. Qa4+ Nd7 17. Bxb7 Qxb7 18. Nc6 a5 19. Rad1 Qc7 20. Rd5 h5 21. Red1 Nxf6
22. Nxe5+ Nd7 23. Kh1 Rd8 24. Bg5 Be7 25. Bxe7 Kxe7 26. Nc6+ Ke6 27. Nxd8+ Rxd8
28. Rxd6+ Ke7 29. Qc6 Qxc6 30. Rxc6 Ne5 31. Rxd8 Nxc6 32. Rd5 a4 33. Kg1 b3 34.
a3 Ke6 35. Kf2 Ne5 36. Rd4 Ng4+ 37. Ke2 Ke5 38. Rd7 f6 39. h3 Nh6 40. Ra7 Kd4
41. Rxa4 Nf5 42. Rb4 Ng3+ 43. Ke1 Nf5 44. Rxb3 Kxc4 45. Rc3+ Kb5 46. Kd2 Nh4
47. g3 Nf5 48. Rf3 Nd6 49. b3 f5 50. Re3 Kc5 51. Re6 g5 52. Rxd6 Kxd6 53. Ke3
Ke5 54. a4 Kd5 55. a5 Kd6 56. b4 Kc6 57. a6 Kb6 58. b5 Ka7 59. h4 f4+ 60. gxf4
gxh4 61. Kf2 1-0

[Event "8e Open"]
[Site "Saint-Affrique"]
[Date "2000.07.??"]
[Round "5.29"]
[White "Quillien, Emmanuel"]
[Black "Bosc, Sebastien"]
[Result "0-1"]
[WhiteElo "2129"]
[BlackElo "1930"]
[PlyCount "57"]
[EventDate "2000.07.??"]

1. e4 e5 2. Nf3 Nf6 3. Nxe5 d6 4. Nf3 Nxe4 5. d4 d5 6. Bd3 Nc6 7. O-O Bg4 8. c3
Be7 9. Re1 f5 10. Nbd2 Qd6 11. Qc2 O-O 12. b4 Bf6 13. b5 Ne7 14. a4 Rae8 15.
Ba3 Qf4 16. Bc1 Qd6 17. Ba3 Qf4 18. g3 Qh6 19. Bc1 Qh5 20. Kg2 Ng6 21. Bf1 f4
22. Ng1 {} 22... Nxf2 23. Bb2 fxg3 24. hxg3 Nh3 25. Ndf3 Bf5 26. Qd2 Be4 27.
Rxe4 dxe4 28. Ne1 Bg5 29. Qe2 0-1